DERECHO INTERNACIONAL PRIVADO : (Registro nro. 55517)
[ vista simple ]
| 000 -LEADER | |
|---|---|
| fixed length control field | 00822nam a2200205 a 4500 |
| 001 - CONTROL NUMBER | |
| control field | 55517 |
| 005 - DATE AND TIME OF LATEST TRANSACTION | |
| control field | 20180714050842.0 |
| 008 - FIXED-LENGTH DATA ELEMENTS--GENERAL INFORMATION | |
| fixed length control field | 140415s2009 mx 000 0 spa d |
| 020 ## - INTERNATIONAL STANDARD BOOK NUMBER | |
| International Standard Book Number | 9789706137876 |
| 041 ## - LANGUAGE CODE | |
| Language code of text/sound track or separate title | spa |
| 082 ## - DEWEY DECIMAL CLASSIFICATION NUMBER | |
| Classification number | 340.9 |
| Item number | CON |
| 100 1# - MAIN ENTRY--PERSONAL NAME | |
| Personal name | Contreras Vaca, Francisco José,. |
| 245 10 - TITLE STATEMENT | |
| Title | DERECHO INTERNACIONAL PRIVADO : |
| Remainder of title | PARTE GENERAL |
| 250 ## - EDITION STATEMENT | |
| Edition statement | 4ed. |
| 260 ## - PUBLICATION, DISTRIBUTION, ETC. | |
| Place of publication, distribution, etc. | MEXICO : |
| Name of publisher, distributor, etc. | OXFORD UNIVERSITY PRESS, |
| Date of publication, distribution, etc. | 2009 |
| 300 ## - PHYSICAL DESCRIPTION | |
| Extent | 352 |
| Dimensions | 17 x 1.8 x 23 |
| 490 ## - SERIES STATEMENT | |
| Series statement | TEXTOS JURIDICOS UNIVERSITARIOS |
| 520 ## - SUMMARY, ETC. | |
| Summary, etc. | EN ESTA NUEVA EDICION SE REFUERZA EL ASPECTO DIDACTICO , DE TAL SUERTE QUE ESTA OBRA ES DE GRAN UTILIDAD TANTO PARA ALUMNOS COMO PROFESIONALES Y TODA PERSONA INTERESADA EN CONOCER DE LAS VICISITUDES DEL DERECHO INTERNACIONAL PRIVADO |
| 650 14 - SUBJECT ADDED ENTRY--TOPICAL TERM | |
| Topical term or geographic name entry element | DERECHO INTERNACIONAL PRIVADO |
| Withdrawn status | Lost status | Source of classification or shelving scheme | Damaged status | Not for loan | Collection code | Home library | Current library | Shelving location | Date acquired | Source of acquisition | Inventory number | Total Checkouts | Total Renewals | Full call number | Barcode | Date last seen | Date last checked out | Price effective from | Koha item type |
|---|---|---|---|---|---|---|---|---|---|---|---|---|---|---|---|---|---|---|---|
| Dewey Decimal Classification | General | Biblioteca Karol Wojtyla | Biblioteca Karol Wojtyla | Sala general | 03/12/2013 | Compra | 151000000000000000050410 | 5 | 2 | 340.9 CON | 83304 | 05/01/2026 | 06/09/2024 | 03/12/2013 | Libro |